Normal view
MARC view
- Inclusive education - Special education
Entry Topical Term
001 - CONTROL NUMBER
- control field: 85
003 - CONTROL NUMBER IDENTIFIER
- control field: JO-AjAnu
005 - DATE AND TIME OF LATEST TRANSACTION
- control field: 20230606070320.0
008 - FIXED-LENGTH DATA ELEMENTS
- fixed length control field: 230606|| aca||aabn | a|a d
040 ## - CATALOGING SOURCE
- Original cataloging agency: JO-AjAnu
- Transcribing agency: JO-AjAnu
150 ## - HEADING--TOPICAL TERM
- Topical term or geographic name entry element: Inclusive education - Special education
670 ## - SOURCE DATA FOUND
- Source citation: Work cat.: (JO-AjAnu)46: Frind, Marilyn Friends , William D.Bursuck, author 84, Including Students With Special Needs: A Practical Guide For Classroom Teachers